Tekst "Clint Eastwood" Gorillaz - Statystyki

Ogólne statystyki
  • Ten quiz został rozwiązany 8 razy
  • Średni wynik to 10 z 12
Statystyki odpowiedzi
Tekst % Poprawnych
i ain't {happy}
100%
i'm {useless}
100%
in a {bag}
100%
the {future}
100%
i got {sunshine}
83%
i'm feeling {glad}
83%
is {coming} on
83%
it's {coming} on
83%
it's {coming} on
83%
it's {coming} on
83%
it's {coming} on
83%
but not for {long}
50%
Nie znaleziono quizów pasujących do podanych kryteriów
Rozkład punktacji
Procent ludzi z każdym wynikiem
Percentyl według liczby udzielonych odpowiedzi
Twoja historia wyników
Nie rozwiązałeś tego quizu